Catálogo

Fundamentals of geometric dimensioning and tolerancing : (Registro nro. 61622)

Detalles MARC
000 -LEADER
fixed length control field 00743nam a2200217 u 4500
001 - CONTROL NUMBER
control field 61622
005 - DATE AND TIME OF LATEST TRANSACTION
control field 20180714063324.0
008 - FIXED-LENGTH DATA ELEMENTS--GENERAL INFORMATION
fixed length control field 141103s2012 xxua r 000 0 spa d
020 ## - INTERNATIONAL STANDARD BOOK NUMBER
International Standard Book Number 978-1-1111-2982-8
041 ## - LANGUAGE CODE
Language code of text/sound track or separate title eng
082 0# - DEWEY DECIMAL CLASSIFICATION NUMBER
Classification number 620.0045
Item number KRU
100 1# - MAIN ENTRY--PERSONAL NAME
Personal name Krulikowski, Alex,
Relator term autor
245 10 - TITLE STATEMENT
Title Fundamentals of geometric dimensioning and tolerancing :
Remainder of title based on ASMEY 14.5-2009 /
Statement of responsibility, etc. Alex Krulikowski.
250 ## - EDITION STATEMENT
Edition statement 3rd. edition.
264 #1 - PRODUCTION, PUBLICATION, DISTRIBUTION, MANUFACTURE, AND COPYRIGHT NOTICE
Place of production, publication, distribution, manufacture United States of America :
Name of producer, publisher, distributor, manufacturer Effrective Training Inc.,
Date of production, publication, distribution, manufacture, or copyright notice 2012
300 ## - PHYSICAL DESCRIPTION
Extent xiv, 418 páginas :
Other physical details ilustraciones ;
Dimensions 28 cm.
336 ## - CONTENT TYPE
Content type term texto
Source rdacontent
337 ## - MEDIA TYPE
Media type term sin mediación
Source rdamedia
338 ## - CARRIER TYPE
Carrier type term volumen
Source rdacarrier
650 #0 - SUBJECT ADDED ENTRY--TOPICAL TERM
Topical term or geographic name entry element Tolerancia (Ingeniería)
Existencias
Withdrawn status Lost status Source of classification or shelving scheme Damaged status Not for loan Collection code Home library Current library Shelving location Date acquired Source of acquisition Inventory number Total Checkouts Full call number Barcode Date last seen Date last checked out Price effective from Koha item type
    Dewey Decimal Classification     General Biblioteca Karol Wojtyla Biblioteca Karol Wojtyla Sala general 03/11/2014 Compra 151000000000000000003405 3 620.0045 KRU 2012 92283 05/01/2026 27/01/2025 03/11/2014 Libro